[Event "CZE-chT2C 1819"]
[Site "Czech Republic"]
[Date "2019.03.17"]
[Round "10.7"]
[White "Crha, Josef"]
[Black "Svrcek, Lubos"]
[Result "1-0"]
[WhiteElo "2006"]
[BlackElo "2027"]
[PlyCount "74"]
[EventDate "2018.10.14"]
[EventType "team-tourn"]
[EventRounds "11"]
[EventCountry "CZE"]
[SourceTitle "EXT 2022"]
[Source "ChessBase"]
[SourceDate "2021.10.06"]
[SourceVersion "1"]
[SourceVersionDate "2021.10.06"]
[SourceQuality "1"]
[WhiteTeam "Mlada Boleslav"]
[BlackTeam "Praha Vrsovice"]
[WhiteTeamCountry "CZE"]
[BlackTeamCountry "CZE"]

1. d4 d5 2. c4 e6 3. Nc3 Nf6 4. Bg5 Nbd7 5. e3 Be7 6. Nf3 0-0 7. Rc1 c6 8. Bd3 dxc4 9. Bxc4 Nd5 10. Bxe7 Qxe7 11. 0-0 Nxc3 12. bxc3 e5 13. Re1 e4 14. Nd2 Nf6 15. f3 Be6 16. Qb3 Bxc4 17. Nxc4 exf3 18. gxf3 Nd5 19. Ne5 Qg5+ 20. Kf2 Rad8 21. c4 Qh4+ 22. Kg1 Nb6 23. Qc2 f6 24. Nd3 Rfe8 25. Qf2 Qg5+ 26. Kh1 Re7 27. e4 Qa5 28. d5 cxd5 29. cxd5 f5 30. Nf4 fxe4 31. fxe4 Rde8 32. Rc5 Qb4 33. Ne6 Na4 34. Rc2 b6 35. Qd2 Qxd2 36. Rxd2 Rd7 37. Rc2 b5 1-0

[Event "CZE-chT2A 1718"]
[Site "Czech Republic"]
[Date "2017.12.03"]
[Round "4.6"]
[White "Folk, Petr"]
[Black "Svrcek, Lubos"]
[Result "1-0"]
[WhiteElo "2172"]
[BlackElo "2086"]
[PlyCount "51"]
[EventDate "2017.10.15"]
[EventType "team-tourn"]
[EventRounds "11"]
[EventCountry "CZE"]
[SourceTitle "EXT 2022"]
[Source "ChessBase"]
[SourceDate "2021.10.06"]
[SourceVersion "1"]
[SourceVersionDate "2021.10.06"]
[SourceQuality "1"]
[WhiteTeam "Kozolupy"]
[BlackTeam "Praha Vrsovice"]
[WhiteTeamCountry "CZE"]
[BlackTeamCountry "CZE"]

1. e4 c5 2. Nf3 g6 3. d4 cxd4 4. Nxd4 Nc6 5. Nc3 Bg7 6. Be3 Nf6 7. Bc4 0-0 8. Bb3 a5 9. 0-0 a4 10. Nxa4 Nxe4 11. Nb5 d6 12. Qe2 Nc5 13. Nxc5 dxc5 14. Bxc5 Bxb2 15. Rad1 Qa5 16. a4 Bf6 17. Qe3 Bf5 18. Bb6 Qb4 19. Nc7 Rac8 20. Nd5 Qh4 21. Nxf6+ Qxf6 22. Rfe1 e5 23. a5 Nd4 24. Rxd4 exd4 25. Bxd4 Qh4 26. Qe5 1-0

[Event "SVK-chT1E 0708"]
[Site "Slovakia"]
[Date "2007.11.11"]
[Round "4.2"]
[White "Harasta, Igor"]
[Black "Svrcek, Lubos"]
[Result "1/2-1/2"]
[WhiteElo "2182"]
[BlackElo "2104"]
[PlyCount "48"]
[EventDate "2007.10.13"]
[EventType "team-swiss"]
[EventRounds "11"]
[EventCountry "SVK"]
[SourceTitle "EXT 2009"]
[Source "ChessBase"]
[SourceDate "2008.11.26"]
[SourceVersion "1"]
[SourceVersionDate "2008.11.26"]
[SourceQuality "1"]
[WhiteTeam "Zilina Mladost"]
[BlackTeam "Michalovce Zemplin"]
[WhiteTeamCountry "SVK"]
[BlackTeamCountry "SVK"]

1. e4 c5 2. c3 d6 3. d4 Nc6 4. Nf3 e6 5. Bb5 Bd7 6. 0-0 Nf6 7. Re1 Be7 8. Bg5 0-0 9. Nbd2 a6 10. Bf1 e5 11. h3 cxd4 12. cxd4 exd4 13. Nb3 Re8 14. Nbxd4 Nxe4 15. Rxe4 Bxg5 16. Nxc6 Bxc6 17. Rxe8+ Bxe8 18. Nxg5 Qxg5 19. Qxd6 Rd8 20. Re1 Bc6 21. Qc7 h6 22. Re5 Qf6 23. Rf5 Qxf5 24. Qxd8+ Kh7 1/2-1/2

[Event "SVK-chT2D 0708"]
[Site "Slovakia"]
[Date "2007.10.06"]
[Round "1.3"]
[White "Schwabik, Bruno"]
[Black "Svrcek, Lubos"]
[Result "1-0"]
[WhiteElo "1984"]
[BlackElo "2089"]
[PlyCount "112"]
[EventDate "2007.10.06"]
[EventType "team-tourn"]
[EventRounds "11"]
[EventCountry "SVK"]
[SourceTitle "EXT 2010"]
[Source "ChessBase"]
[SourceDate "2010.11.25"]
[SourceVersion "1"]
[SourceVersionDate "2010.11.25"]
[SourceQuality "1"]
[WhiteTeam "Spisska Nova Ves"]
[BlackTeam "Michalovce Zemplin II"]
[WhiteTeamCountry "SVK"]
[BlackTeamCountry "SVK"]

1. e4 c5 2. Nf3 d6 3. d4 cxd4 4. Nxd4 Nf6 5. Nc3 a6 6. f3 e6 7. Be3 b5 8. a3 Be7 9. Qd2 Bb7 10. 0-0-0 Nc6 11. g4 0-0 12. h4 Rc8 13. h5 Qc7 14. g5 Nd7 15. g6 Nxd4 16. gxh7+ Kxh7 17. Bxd4 Ne5 18. Be2 Nc6 19. Bxg7 Kxg7 20. Rdg1+ Kh7 21. Rg6 fxg6 22. hxg6+ Kg8 23. Rh8+ Kg7 24. Qh6+ Kf6 25. g7+ Ke5 26. gxf8Q Rxf8 27. Rxf8 Bxf8 28. f4+ Kd4 29. Qxf8 b4 30. axb4 Nxb4 31. Qf6+ e5 32. fxe5 Kc5 33. exd6 Qxd6 34. Qxd6+ Kxd6 35. Kd2 Ke5 36. Bd3 a5 37. Ke3 Bc6 38. b3 Be8 39. Nb1 a4 40. bxa4 Bxa4 41. c3 Nc6 42. Nd2 Na7 43. Nf3+ Kd6 44. Nd4 Nc8 45. Nf3 Nb6 46. Kd4 Bc6 47. e5+ Kc7 48. Ng5 Kd7 49. c4 Ke7 50. Kc5 Nd7+ 51. Kd4 Ba4 52. c5 Bc6 53. Bc4 Ba4 54. Nh3 Nb8 55. Nf4 Nc6+ 56. Ke4 Nb4 1-0

[Event "SVK-chT2D 0607"]
[Site "Slovakia"]
[Date "2007.01.13"]
[Round "7.3"]
[White "Cech, Dominik"]
[Black "Svrcek, Lubos"]
[Result "1/2-1/2"]
[WhiteElo "2093"]
[BlackElo "2076"]
[PlyCount "67"]
[EventDate "2006.10.14"]
[EventType "team-tourn"]
[EventRounds "11"]
[EventCountry "SVK"]
[SourceTitle "EXT 2008"]
[Source "ChessBase"]
[SourceDate "2007.11.25"]
[SourceVersion "1"]
[SourceVersionDate "2007.11.25"]
[SourceQuality "1"]
[WhiteTeam "Michalovce Zemplin III"]
[BlackTeam "Michalovce Zemplin II"]
[WhiteTeamCountry "SVK"]
[BlackTeamCountry "SVK"]

1. e4 c5 2. Nf3 Nc6 3. d4 cxd4 4. Nxd4 Nf6 5. Nc3 e5 6. Ndb5 d6 7. Nd5 Nxd5 8. exd5 Ne7 9. c4 g6 10. Qa4 Bg7 11. Nc7+ Kf8 12. Nxa8 a6 13. Be3 Bd7 14. Bb6 Qc8 15. Qb4 Qxa8 16. Qxd6 Qe8 17. Bc5 f5 18. Qxe7+ Qxe7 19. Bxe7+ Kxe7 20. Bd3 e4 21. Bc2 Rc8 22. Bb3 b5 23. Rc1 Bxb2 24. Rc2 Ba3 25. cxb5 Rxc2 26. Bxc2 Bb4+ 27. Kd1 Bxb5 28. Bb3 Kd6 29. Kc2 a5 30. a4 Bd3+ 31. Kd1 f4 32. Bc2 Kxd5 33. Bxd3 exd3 34. h4 1/2-1/2

[Event "SVK-chT2D 0607"]
[Site "Slovakia"]
[Date "2006.12.16"]
[Round "5.3"]
[White "Svrcek, Lubos"]
[Black "Bemak, Mikhail"]
[Result "1-0"]
[WhiteElo "2076"]
[BlackElo "2138"]
[PlyCount "67"]
[EventDate "2006.10.14"]
[EventType "team-tourn"]
[EventRounds "11"]
[EventCountry "SVK"]
[SourceTitle "EXT 2008"]
[Source "ChessBase"]
[SourceDate "2007.11.25"]
[SourceVersion "1"]
[SourceVersionDate "2007.11.25"]
[SourceQuality "1"]
[WhiteTeam "Michalovce Zemplin II"]
[BlackTeam "Velke Kapusany Energetik"]
[WhiteTeamCountry "SVK"]
[BlackTeamCountry "SVK"]

1. e4 c5 2. Nc3 Nc6 3. g3 g6 4. Bg2 Bg7 5. f4 d6 6. Nf3 e6 7. 0-0 Nge7 8. d3 0-0 9. Bd2 a6 10. Rb1 b5 11. g4 f5 12. g5 Ra7 13. Ne2 b4 14. Ng3 a5 15. Be3 Ba6 16. Rf2 Rd7 17. h4 c4 18. h5 e5 19. hxg6 hxg6 20. Nh4 exf4 21. Rxf4 Be5 22. exf5 Bxf4 23. Bxf4 gxf5 24. Qh5 Qb6+ 25. Kh1 Qd4 26. g6 Qh8 27. Bh6 Rc8 28. Ngxf5 d5 29. g7 Qh7 30. Re1 Bb7 31. Bh3 d4 32. Kh2 Rd5 33. Nxe7+ Nxe7 34. Be6# 1-0

[Event "SVK-chT2D 0607"]
[Site "Slovakia"]
[Date "2006.11.25"]
[Round "3.5"]
[White "Svrcek, Lubos"]
[Black "Dzugas, Vladimir"]
[Result "0-1"]
[WhiteElo "2076"]
[BlackElo "2010"]
[PlyCount "74"]
[EventDate "2006.10.14"]
[EventType "team-tourn"]
[EventRounds "11"]
[EventCountry "SVK"]
[SourceTitle "EXT 2008"]
[Source "ChessBase"]
[SourceDate "2007.11.25"]
[SourceVersion "1"]
[SourceVersionDate "2007.11.25"]
[SourceQuality "1"]
[WhiteTeam "Michalovce Zemplin II"]
[BlackTeam "Kosice DPMK"]
[WhiteTeamCountry "SVK"]
[BlackTeamCountry "SVK"]

1. e4 e6 2. d3 d5 3. Nd2 Nd7 4. g3 Ngf6 5. Bg2 dxe4 6. dxe4 e5 7. Ngf3 Bb4 8. 0-0 0-0 9. Qe2 c6 10. Nc4 Qc7 11. c3 Bc5 12. b4 Be7 13. Bb2 b5 14. Ncd2 Nb6 15. Rac1 Be6 16. a3 Nc4 17. Rc2 Nd7 18. Rfc1 Ndb6 19. Nxc4 Nxc4 20. Ra1 a5 21. Nd2 Rfd8 22. Nxc4 Bxc4 23. Qe1 Rd6 24. Bf1 Bb3 25. Rcc1 Bg5 26. c4 Bxc1 27. Rxc1 Qd7 28. cxb5 cxb5 29. Qc3 Be6 30. Qxe5 f6 31. Qf4 Rd1 32. Rc7 Bh3 33. Rc1 Qd3 34. Rxd1 Qxd1 35. Qc1 Rd8 36. f4 Qxc1 37. Bxc1 Bxf1 0-1

[Event "SVK-chT1E 0506"]
[Site "Slovakia"]
[Date "2006.03.05"]
[Round "11"]
[White "Svrcek, Lubos"]
[Black "Kendi, Stefan"]
[Result "1-0"]
[WhiteElo "2034"]
[BlackElo "2039"]
[PlyCount "113"]
[EventDate "2005.10.15"]
[EventType "team"]
[EventRounds "11"]
[EventCountry "SVK"]
[SourceTitle "EXT 2009"]
[Source "ChessBase"]
[SourceDate "2008.11.26"]
[SourceVersion "1"]
[SourceVersionDate "2008.11.26"]
[SourceQuality "1"]

1. e4 e6 2. Nc3 b6 3. g3 Bb7 4. Bg2 Bb4 5. Nge2 Nf6 6. a3 Bxc3 7. Nxc3 c5 8. 0-0 d5 9. d3 d4 10. Ne2 Nbd7 11. h3 Qc7 12. Bf4 Qc6 13. b4 e5 14. Bd2 h5 15. f4 Ng8 16. c3 f6 17. cxd4 exd4 18. Rc1 Qb5 19. Qb3 Bc6 20. f5 Ne7 21. Nf4 Nf8 22. Qa2 Rc8 23. Rb1 Qa4 24. Rfc1 Bb5 25. Bf3 h4 26. g4 Qa6 27. Be2 Ba4 28. Be1 Qb7 29. bxc5 Qc7 30. cxb6 Qxf4 31. Rxc8+ Nxc8 32. b7 Nb6 33. Qc4 Bd7 34. Rxb6 axb6 35. Qc8+ Bxc8 36. bxc8Q+ Kf7 37. Qc4+ Ke8 38. Bf2 Qb8 39. Qxd4 Nd7 40. Qd5 Rf8 41. d4 Qc7 42. Bb5 Rf7 43. Qe6+ Kf8 44. Bc4 Nb8 45. Bxh4 b5 46. Qxf7+ Qxf7 47. Bxf7 Kxf7 48. Be1 Nd7 49. Bb4 Nb6 50. Kf2 g5 51. fxg6+ Kxg6 52. h4 Nc4 53. Kf3 Nb2 54. h5+ Kg7 55. Kf4 Nd3+ 56. Kf5 Nf2 57. d5 1-0

[Event "SVK-chT1E 0506"]
[Site "Slovakia"]
[Date "2005.12.04"]
[Round "6"]
[White "Kovac, Lubomir"]
[Black "Svrcek, Lubos"]
[Result "1-0"]
[WhiteElo "2121"]
[BlackElo "2034"]
[PlyCount "119"]
[EventDate "2005.10.15"]
[EventType "team"]
[EventRounds "11"]
[EventCountry "SVK"]
[SourceTitle "EXT 2009"]
[Source "ChessBase"]
[SourceDate "2008.11.26"]
[SourceVersion "1"]
[SourceVersionDate "2008.11.26"]
[SourceQuality "1"]

1. d4 Nf6 2. c4 e6 3. Nf3 d5 4. Nc3 Nbd7 5. Bg5 Be7 6. e3 0-0 7. Bd3 dxc4 8. Bxc4 Re8 9. 0-0 c6 10. Rc1 Nd5 11. Bxe7 Qxe7 12. Qe2 Nxc3 13. Rxc3 e5 14. dxe5 Nxe5 15. Nxe5 Qxe5 16. Rd1 Bf5 17. Bd3 Be6 18. Bc4 Bf5 19. Qh5 Re7 20. g4 g6 21. Qg5 h6 22. Qxh6 Bxg4 23. Qxg6+ Qg7 24. Qxg7+ Kxg7 25. Rd4 Be6 26. Bxe6 Rxe6 27. h4 b6 28. Rg4+ Kh6 29. Rd3 a5 30. Kg2 c5 31. a4 Rc8 32. b3 Rcc6 33. Rd7 Rf6 34. Re4 Kg6 35. f4 Kg7 36. Kf3 Rg6 37. Ree7 Rgf6 38. Rc7 Rcd6 39. Red7 Rxd7 40. Rxd7 Rc6 41. Rd3 Rc8 42. Rd6 c4 43. bxc4 Rxc4 44. Rxb6 Rxa4 45. Ra6 Ra1 46. Ke4 a4 47. Ke5 a3 48. e4 a2 49. h5 Kh7 50. f5 Kg7 51. h6+ Kh7 52. Kf6 Kxh6 53. Kxf7+ Kg5 54. f6 Re1 55. Ra5+ Kh6 56. Rxa2 Rxe4 57. Rg2 Ra4 58. Rh2+ Kg5 59. Kg7 Ra6 60. Rg2+ 1-0

[Event "SVK-chT2D 0506"]
[Site "Slovakia"]
[Date "2005.10.22"]
[Round "1.2"]
[White "Svrcek, Lubos"]
[Black "Tauber, Marek"]
[Result "1/2-1/2"]
[WhiteElo "2034"]
[BlackElo "2192"]
[PlyCount "42"]
[EventDate "2005.10.22"]
[EventType "team-tourn"]
[EventRounds "11"]
[EventCountry "SVK"]
[SourceTitle "EXT 2009"]
[Source "ChessBase"]
[SourceDate "2008.11.26"]
[SourceVersion "1"]
[SourceVersionDate "2008.11.26"]
[SourceQuality "1"]

1. e4 d6 2. d3 e5 3. f4 Nc6 4. Nc3 Nf6 5. Nf3 Bg4 6. h3 Bxf3 7. Qxf3 Nd4 8. Qf2 Be7 9. Be3 Nh5 10. 0-0-0 Bh4 11. Qd2 Nxf4 12. Kb1 Nfe6 13. Ne2 0-0 14. c3 Nxe2 15. Bxe2 Bg5 16. d4 Bxe3 17. Qxe3 Qg5 18. Qxg5 Nxg5 19. dxe5 Nxe4 20. Rhe1 Rfe8 21. Bf3 f5 1/2-1/2

[Event "SVK-chT1E 0506"]
[Site "Slovakia"]
[Date "2005.10.15"]
[Round "1"]
[White "Matejov, Jaroslav"]
[Black "Svrcek, Lubos"]
[Result "1-0"]
[WhiteElo "2204"]
[BlackElo "2034"]
[PlyCount "111"]
[EventDate "2005.10.15"]
[EventType "team"]
[EventRounds "11"]
[EventCountry "SVK"]
[SourceTitle "EXT 2009"]
[Source "ChessBase"]
[SourceDate "2008.11.26"]
[SourceVersion "1"]
[SourceVersionDate "2008.11.26"]
[SourceQuality "1"]

1. e4 c5 2. Nf3 d6 3. c4 Nc6 4. Nc3 g6 5. Be2 Bg7 6. 0-0 e6 7. d3 Nge7 8. Be3 Nd4 9. Bxd4 cxd4 10. Nb5 Nc6 11. Qa4 0-0 12. Qa3 Re8 13. Qxd6 Qb6 14. Nc7 Rd8 15. Nxa8 Qxb2 16. Qc7 Qxe2 17. Ng5 Bd7 18. Qxb7 Qxd3 19. Nc7 Qxc4 20. Rac1 Qxa2 21. Rxc6 Bxc6 22. Qxc6 Bf6 23. Ncxe6 fxe6 24. Nxe6 Rb8 25. Nf4 Bg7 26. g3 Qb3 27. Ne6 Bf6 28. Nc5 Qc4 29. Ra1 a5 30. Kg2 Be7 31. Qe6+ Qxe6 32. Nxe6 Bb4 33. Nxd4 Bc3 34. Ra4 Rb2 35. Rc4 Bb4 36. e5 Be1 37. Nc2 Bb4 38. Kf3 Kf7 39. Ke4 Ke6 40. f4 Be7 41. Rc7 a4 42. g4 a3 43. f5+ gxf5+ 44. gxf5+ Kf7 45. f6 a2 46. Rxe7+ Kf8 47. Nd4 Re2+ 48. Kd3 Rxe5 49. Ra7 Re1 50. Rxa2 Rf1 51. Ke3 Kf7 52. Rf2 Re1+ 53. Kd2 Re8 54. Nc6 h5 55. Kd3 h4 56. Kd4 1-0

[Event "SVK-chT1E 0203"]
[Site "Slovakia"]
[Date "2002.??.??"]
[Round "?"]
[White "Svrcek, Lubos"]
[Black "Kekely, Lubos"]
[Result "1/2-1/2"]
[WhiteElo "1980"]
[BlackElo "2050"]
[PlyCount "123"]
[EventDate "2002.10.??"]
[EventType "team"]
[EventRounds "11"]
[EventCountry "SVK"]
[SourceTitle "EXT 2005"]
[Source "ChessBase"]
[SourceDate "2004.11.15"]
[SourceVersion "1"]
[SourceVersionDate "2004.11.15"]
[SourceQuality "1"]

1. e4 e5 2. Nf3 Nc6 3. Bc4 Bc5 4. Nc3 Nf6 5. d3 h6 6. h3 d6 7. Be3 Bxe3 8. fxe3 0-0 9. Qe2 Na5 10. Bb3 Nxb3 11. axb3 Nh7 12. g4 c6 13. Kd2 Ng5 14. h4 Nxf3+ 15. Qxf3 f6 16. Qg2 Be6 17. Rag1 g6 18. d4 exd4 19. exd4 d5 20. exd5 Bxd5 21. Nxd5 cxd5 22. h5 g5 23. Qf3 Qd7 24. Re1 f5 25. gxf5 Qxf5 26. Qxf5 Rxf5 27. c4 Rd8 28. Kd3 Rf2 29. Re6 Rxb2 30. Kc3 Rg2 31. Rxh6 dxc4 32. Kxc4 b5+ 33. Kxb5 Rxd4 34. Kc5 Rd3 35. b4 Rc2+ 36. Kb5 Rd5+ 37. Ka4 Rc7 38. Rg6+ Rg7 39. Rc6 Kh7 40. b5 g4 41. Rc4 g3 42. Rc2 g2 43. Rg1 Rdg5 44. Ka5 Kh6 45. Ka6 Kxh5 46. Rcxg2 Rxg2 47. Rxg2 Rxg2 48. Kxa7 Ra2+ 49. Kb7 Kg6 50. b6 Kf6 51. Kc7 Rc2+ 52. Kd6 Rd2+ 53. Kc7 Rc2+ 54. Kd6 Rb2 55. Kc7 Ke7 56. b7 Rc2+ 57. Kb6 Rb2+ 58. Kc7 Rc2+ 59. Kb6 Kd7 60. b8Q Rb2+ 61. Ka7 Rxb8 62. Kxb8 1/2-1/2